000 00558nam a2200229Ia 4500
003 OSt
005 20220924143128.0
006 a|||||r|||| 00| 0
007 ta
008 220923b |||||||| |||| 00| 0 ori d
024 _a306816
037 _cTextual
040 _aARTS
_cARTS
_bORI
041 _2ORI
_aORI
082 _aO1591,6x, K6
100 _aMohanty
245 0 _aNishabda akasha andha pruthibi
260 _c1966
650 _aENGLISH LITERATURE
942 _hO1591,6x, K6
_cTEXL
_2CC
999 _c453275
_d453275